000 00392cam a22001575a 4500
001 J100902
008 000000s1927 xxk 000 0 eng u
035 _a(Sirsi) u100902
110 _aSurveyors' Institution
_93783
245 _aCentral city valuation. December 1927.
260 _c1927
300 _aunpaginated
651 4 _aUnited Kingdom
_y
690 _aValuation
_96273
942 _n0
999 _c99910
_d99910